Putin, Lenin or Stalin? Multiple Choice Quiz - Statistics

General Stats
  • This quiz has been taken 71 times
  • The average score is 10 of 16
Answer Stats
Question Answer % Correct
His real name is "Vladimir". Putin and Lenin
97%
Which picture does NOT show either of the three - Lenin, Stalin, and Putin?
92%
He was born in what is now Georgia. Stalin
88%
He was born with a different surname to what he is now known as. Lenin and Stalin
82%
He shook hands with an American President. Putin and Stalin
75%
He ruled over Alaska. neither
74%
He was the head of Russia/USSR for over 20 years. Putin and Stalin
74%
He died (will die) aged 70 or older. Putin and Stalin
63%
He's an atheist. Lenin and Stalin
57%
He was a member of the Communist Party. Putin, Lenin and Stalin
57%
He (has) had more than one child. Putin and Stalin
49%
He (has) resided in the Kremlin. Putin, Lenin and Stalin
49%
Russian/Soviet cosmonauts landed on the Moon under his rule. neither
45%
He typically wears/wore a moustache. Lenin and Stalin
40%
He's shorter than the average male. Putin, Lenin and Stalin
31%
Russia/USSR under his rule invaded Ukraine. Putin and Lenin
15%
No matching quizzes found
Score Distribution
Percent of People with Each Score
Percentile by Number Answered
Your Score History
You have not taken this quiz